000
00271nam a2200109Ia 4500
001
1268637
005
20260417145254.0
008
260417s9999 xx 000 0 und d
020
_a
9786256309364
245
0
_a
Zamanı Durdurun!
_c
Pippa Goodhart
260
_b
Ketebe Çocuk
999
_c
1268637
_d
1268637